000 00439nam a22001457a 4500
008 160321b xxu||||| |||| 00| 0 eng d
020 _a978-81-207-7742-2
082 _22012
_aDC 658.3
_bG34c
100 _93989
_aGhosh, Biswanath.
245 _aCompensation and reward management/
_cBiswanath Ghosh.
260 _aNew Delhi:
_bSterling,
_cc2012.
300 _a229 pages;
_c24 cm.
650 0 _aCompensation management.
_93992
942 _2ddc
_cDC
999 _c1342
_d1342